00754nam a2200157 u 450000100100000000500170001000800410002704000250006808200150009311001630010824501660027126000750043730000340051250000220054670000280056800000297120200929150310.0090706s1990 dr a r 000 0 spa d aDO-SdBNPbspacBNPHU axxxxbxxxx1 aRepública Dominicana.bUnidad de Estudios de Política Agropecurias.bProyecto de Análisis de Políticas Agropecuarias.bConsejo Nacional de Agricultura13aLas políticas macroeconómicas dominicana :ben el período 1966-1986 y sus repercusiones en eL sector agropecuario /cpresentación Francisco Pérez Luna. aSanto Domingo :bUnidad de Estudios de Política Agropecuaria,c1990. aviii, 147 p. :bil. ;c23 cm. aIncluye índice.1 aPérez Luna, Francisco